000 00296nam a22001217a 4500
008 190312b xxu||||| |||| 00| 0 eng d
041 _aeng
080 _a043.3
100 _a0
101 _aMBE-BA
245 _aNdikimi i Marketingut në preferencën ndaj markave
_cKastrati,M
942 _2udc
_cBK
999 _c54729
_d54729